LDR 00729naa#a2200169#i#450# 001 EN\RIOR\bibl\125495 005 20260629084024.1 011 ## _a2409-6024 100 ## _a20260530b2026####ek#y0engy0150####ca 102 ## _aRU 200 1# _aINNOVATIVE DEVELOPMENT OF THE AGRO-INDUSTRIAL COMPLEX IN REGIONAL AGRARIAN POLICY _eJournal article 210 1# _aMoscow _cPublishing Center RIOR _d2026 215 ## _a9 с. 608 ## _aJournal article _2local 675 ## _aРегиональная экономика. Территориальная экономика. 332.1 _aОрганизация и управление сельскохозяйственным производством. 631.1 _z 700 #1 _aZakarchevski _gOleg Vladimirovich 856 4# _arusjm.ru _u